| 000 | 00637nam a22002177a 4500 | ||
|---|---|---|---|
| 003 | SISC | ||
| 005 | 20160314095111.0 | ||
| 008 | 130829t xxu||||| |||| 00| 0 eng d | ||
| 020 | _a9780673521477 | ||
| 050 |
_aPE 1417 _b.Ex96 1992 |
||
| 082 |
_aHS 808.04 _bEx7 1992 |
||
| 100 |
_aGoshgarian, Gary _915355 |
||
| 245 |
_aExploring language / _cedited by Gary Goshgarian. |
||
| 260 |
_aNew York :. _b Harper Collins Publishers Inc, _c1992 |
||
| 300 |
_a497 p.; _c23 cm. |
||
| 650 |
_aCollege readers _91718 |
||
| 650 |
_a English language _xRhetoric _915357 |
||
| 650 | _2English language | ||
| 942 |
_2lcc _cBK |
||
| 999 |
_c9871 _d9871 |
||